| 000 | 00731nam a2200241 i 4500 | ||
|---|---|---|---|
| 001 | bg | ||
| 100 | 1 | _aMISZEWSKI, Maciej | |
| 245 | 1 | 0 |
_aTransformacja gospodarcza Polski / _cMaciej Miszewski ; Wyższa Szkoła Ekonomii i Administracji w Bytomiu. |
| 260 |
_aKatowice : _bWSEiA, _c2001. |
||
| 300 |
_a118 s. ; _c24 cm. |
||
| 504 | _aBibliogr. | ||
| 651 | 9 |
_aPolska _xgospodarka _yod 1989 r. |
|
| 655 | _aPodręczniki akademickie | ||
| 710 | 0 | _aWyższa Szkoła Ekonomii i Administracji (Bytom) | |
| 015 | _aPB 12049/2001 | ||
| 020 | _a838858720X | ||
| 040 | _cBPK | ||
| 041 | 0 | _apol | |
| 080 | _a338.24.021.8(438)"1989/..."(075.8) | ||
| 920 | _a83-88587-20-X | ||
| 942 | _cKS | ||
| 008 | s pl f |000 0 pol | ||
| 999 |
_c51252 _d51252 |
||
| 856 |
_uhttp://koha.tu.koszalin.pl/cgi-bin/koha/opac-detail.pl?biblionumber=51252 _yKatalog online BPK |
||